000 00300nam a22001337a 4500
008 210303b ||||| |||| 00| 0 eng d
020 _a9781599849881
041 _aeng
080 _23th
_a611
100 _a7
101 _aANA
245 _aAnatomy and Physiology II
_cWingerd,D.B
942 _2udc
_cBK
999 _c55561
_d55561